Odpisovanie dlhodobého nehmotného a dlhodobého hmotného majetku z účtovného a daňového hľadiska diplomová práca

Enregistré dans:
Détails bibliographiques
Auteur principal: Kohútová, Eva
Collectivité auteur: Národohospodárska fakulta EU. Katedra financií
Autres auteurs: Novák, Jaromír, 1978-
Format: Livre
Langue:slovaque
Publié: Bratislava 2008
Tags: Ajouter un tag
Pas de tags, Soyez le premier à ajouter un tag!

MARC

LEADER 00000nam$a2200000$$$4500
001 0078721
005 20240201115845.9
041 0 |a slo 
044 |a SK 
245 1 0 |a Odpisovanie dlhodobého nehmotného a dlhodobého hmotného majetku z účtovného a daňového hľadiska  |b diplomová práca  |c Eva Kohútová ; škol. Jaromír Novák 
264 1 |a Bratislava  |c 2008 
300 |a 84 s. 
100 1 |a Kohútová, Eva 
700 1 |a Novák, Jaromír, 1978- 
710 2 |a Národohospodárska fakulta EU. Katedra financií